[Event "Rome Elo op 5th"]
[Site "Rome"]
[Date "2009.10.07"]
[Round "3"]
[White "De Maria, Isaia"]
[Black "Giuliani, Sante"]
[Result "0-1"]
[WhiteElo "1899"]
[BlackElo "1988"]
[PlyCount "102"]
[EventDate "2009.09.16"]
[EventType "swiss"]
[EventRounds "5"]
[EventCountry "ITA"]
[SourceTitle "EXT 2012"]
[Source "ChessBase"]
[SourceDate "2011.11.24"]
[SourceVersion "1"]
[SourceVersionDate "2011.11.24"]
[SourceQuality "1"]

1. e4 d5 2. exd5 Qxd5 3. Nc3 Qa5 4. d4 Nf6 5. Nf3 c6 6. Bc4 Bf5 7. Bd2 e6 8. Qe2 Bb4 9. 0-0-0 Nbd7 10. a3 Bxc3 11. Bxc3 Qc7 12. Rhe1 0-0-0 13. Ne5 Nxe5 14. dxe5 Nd5 15. Bd2 Kb8 16. Kb1 Rd7 17. h4 h5 18. Bg5 Qa5 19. Bd3 Bxd3 20. Rxd3 Qb5 21. Qd2 c5 22. c4 Qxc4 23. Rc1 Qb5 24. Qc2 Rc8 25. Rb3 Qc6 26. Qc4 Nb6 27. Qb5 Qxb5 28. Rxb5 Rd5 29. Be7 Nd7 30. Bd6+ Ka8 31. Kc2 Nxe5 32. Bxe5 Rxe5 33. Rd1 Rd5 34. Re1 b6 35. Rb3 Rcd8 36. Re2 Kb7 37. Rbe3 Kc6 38. f3 b5 39. g4 hxg4 40. fxg4 Rd4 41. Rg3 Rc4+ 42. Kb3 a5 43. Rg1 a4+ 44. Ka2 Rdd4 45. Reg2 Rd3 46. h5 Rh3 47. Rg3 Rxg3 48. Rxg3 e5 49. g5 Rh4 50. g6 f6 51. Rd3 Rxh5 0-1

[Event "Rome Elo op 3rd"]
[Site "Rome"]
[Date "2009.03.18"]
[Round "2"]
[White "De Maria, Isaia"]
[Black "Vannelli, Vittorio"]
[Result "0-1"]
[WhiteElo "1884"]
[BlackElo "1871"]
[PlyCount "140"]
[EventDate "2009.03.11"]
[EventType "swiss"]
[EventRounds "6"]
[EventCountry "ITA"]
[SourceTitle "EXT 2011"]
[Source "ChessBase"]
[SourceDate "2010.11.26"]
[SourceVersion "1"]
[SourceVersionDate "2010.11.26"]
[SourceQuality "1"]

1. e4 e5 2. Nf3 Nf6 3. Nc3 Nc6 4. Bb5 d6 5. 0-0 Be7 6. d4 exd4 7. Nxd4 Bd7 8. Nxc6 bxc6 9. Ba4 0-0 10. Re1 Ng4 11. Bf4 Bf6 12. Qd2 Re8 13. Rad1 c5 14. Bxd7 Qxd7 15. h3 Ne5 16. Nd5 Bd8 17. Bxe5 Rxe5 18. f4 Re8 19. c4 Bh4 20. Re2 Rad8 21. e5 Qc8 22. Qc2 c6 23. Nc3 dxe5 24. fxe5 Rxd1+ 25. Qxd1 Bg3 26. Qd6 Rd8 27. Qxc5 Qd7 28. Qd6 Qxd6 29. exd6 Bxd6 30. Kf2 Bc5+ 31. Kf3 f5 32. Re5 Bd4 33. Rxf5 Bxc3 34. bxc3 Rd3+ 35. Ke4 Rxc3 36. Kd4 Rc2 37. Ra5 Rxg2 38. Rxa7 Rg3 39. Kc5 Rxh3 40. Kxc6 Re3 41. a4 g5 42. Rd7 g4 43. a5 g3 44. Rd2 Ra3 45. Kb6 h5 46. a6 h4 47. c5 h3 48. c6 h2 49. c7 Rc3 50. Rd8+ Kg7 51. c8Q Rxc8 52. Rxc8 h1Q 53. a7 Qg1+ 54. Kb7 Qg2+ 55. Kb6 Qf2+ 56. Kb7 Qf3+ 57. Kb6 g2 58. a8Q g1Q+ 59. Kc7 Qgg3+ 60. Kb6 Qb3+ 61. Kc6 Qc4+ 62. Kd7 Qgg4+ 63. Kd8 Qg5+ 64. Kd7 Qf5+ 65. Kd8 Qf8+ 66. Kd7 Qcf7+ 67. Kc6 Qc4+ 68. Kd7 Qcf7+ 69. Kc6 Qf3+ 70. Kd7 Qxa8 0-1

[Event "Rome Elo op 1st"]
[Site "Rome"]
[Date "2008.11.26"]
[Round "7"]
[White "De Lisa, Carmine"]
[Black "De Maria, Isaia"]
[Result "0-1"]
[WhiteElo "1699"]
[BlackElo "1867"]
[PlyCount "96"]
[EventDate "2008.10.15"]
[EventType "swiss"]
[EventRounds "7"]
[EventCountry "ITA"]
[SourceTitle "EXT 2011"]
[Source "ChessBase"]
[SourceDate "2010.11.26"]
[SourceVersion "1"]
[SourceVersionDate "2010.11.26"]
[SourceQuality "1"]

1. e4 c5 2. Nf3 Nc6 3. d4 cxd4 4. Nxd4 g6 5. Nc3 Bg7 6. Be3 Nf6 7. f3 0-0 8. Qd2 d5 9. exd5 Nxd5 10. Nxc6 bxc6 11. Nxd5 cxd5 12. c3 e5 13. Bb5 d4 14. cxd4 exd4 15. Bf2 Qb6 16. a4 a6 17. Be2 Rb8 18. 0-0 Qxb2 19. Qf4 Bf5 20. Bxa6 Qb6 21. Bb5 Qf6 22. Rad1 g5 23. Qd2 Rfd8 24. Bg3 Rbc8 25. Qa5 d3 26. Bc7 Rd5 27. Qa7 Qd4+ 28. Qxd4 Bxd4+ 29. Kh1 Rxc7 30. g4 Bg6 31. Bxd3 Rcd7 32. Bxg6 fxg6 33. Rd3 Be5 34. Rxd5 Rxd5 35. Rf2 Kf7 36. Ra2 Rd1+ 37. Kg2 Rb1 38. a5 Rb2+ 39. Rxb2 Bxb2 40. Kf2 Bd4+ 41. Ke2 Ke6 42. Kd3 Ke5 43. h4 gxh4 44. f4+ Kd5 45. f5 gxf5 46. gxf5 h3 47. a6 h2 48. f6 h1Q 0-1

[Event "Rome Accademia Autunno op"]
[Site "Rome"]
[Date "2006.10.21"]
[Round "3"]
[White "Sautto, Alessandra"]
[Black "De Maria, Isaia"]
[Result "1/2-1/2"]
[WhiteElo "1942"]
[BlackElo "1828"]
[PlyCount "53"]
[EventDate "2006.10.20"]
[EventType "swiss"]
[EventRounds "5"]
[EventCountry "ITA"]
[SourceTitle "EXT 2023"]
[Source "ChessBase"]
[SourceDate "2022.10.05"]
[SourceVersion "1"]
[SourceVersionDate "2022.10.05"]
[SourceQuality "1"]

1. d4 d5 2. Nf3 Nf6 3. Bf4 g6 4. e3 Bg7 5. h3 c5 6. c3 Nbd7 7. Nbd2 b6 8. Bd3 Bb7 9. Qe2 0-0 10. 0-0 Ne4 11. Ng5 Nxd2 12. Qxd2 e5 13. dxe5 Nxe5 14. Bxe5 Qxg5 15. Bxg7 Kxg7 16. Qe2 f5 17. Ba6 Bxa6 18. Qxa6 Qe7 19. Rad1 Rad8 20. Rd2 f4 21. exf4 Rxf4 22. Rfd1 Re4 23. Kh2 Re5 24. Qd3 Qc7 25. Qg3 Qe7 26. Qd3 Qc7 27. Qg3 1/2-1/2

[Event "ITA-chT UISP 23rd"]
[Site "Rimini"]
[Date "2002.12.??"]
[Round "6"]
[White "Ferro, Mario"]
[Black "De Maria, Isaia"]
[Result "1-0"]
[WhiteElo "2194"]
[BlackElo "1738"]
[PlyCount "85"]
[EventDate "2002.12.??"]
[EventType "team"]
[EventRounds "6"]
[EventCountry "ITA"]
[SourceTitle "EXT 2024"]
[Source "ChessBase"]
[SourceDate "2023.10.10"]
[SourceVersion "1"]
[SourceVersionDate "2023.10.10"]
[SourceQuality "1"]

1. d4 d5 2. e3 Nf6 3. Bd3 c5 4. c3 Nbd7 5. f4 g6 6. Nf3 Bg7 7. 0-0 0-0 8. Nbd2 b6 9. Ne5 Bb7 10. Qe2 Qc7 11. b3 Rac8 12. a4 a5 13. Ba3 Ne4 14. Nxe4 dxe4 15. Bb5 Nxe5 16. dxe5 Rfd8 17. Ra2 Bd5 18. c4 Bb7 19. Rd1 Rxd1+ 20. Qxd1 Rd8 21. Rd2 Rxd2 22. Qxd2 Bc6 23. Bxc6 Qxc6 24. Qd8+ Bf8 25. Qd5 Qxd5 26. cxd5 f5 27. Kf1 Kf7 28. e6+ Ke8 29. Bb2 Kd8 30. Be5 Kc8 31. Ke2 Kb7 32. Kd2 Ka6 33. Kc3 b5 34. axb5+ Kxb5 35. h3 h6 36. h4 c4 37. bxc4+ Kc5 38. Bd4+ Kd6 39. g3 h5 40. Kb3 Bh6 41. Ka4 Bf8 42. Kxa5 Bh6 43. Kb6 1-0

[Event "ITA-chT UISP 23rd"]
[Site "Rimini"]
[Date "2002.12.??"]
[Round "2"]
[White "Ricci, Marco"]
[Black "De Maria, Isaia"]
[Result "1-0"]
[WhiteElo "2165"]
[BlackElo "1738"]
[PlyCount "83"]
[EventDate "2002.12.??"]
[EventType "team"]
[EventRounds "6"]
[EventCountry "ITA"]
[SourceTitle "EXT 2024"]
[Source "ChessBase"]
[SourceDate "2023.10.10"]
[SourceVersion "1"]
[SourceVersionDate "2023.10.10"]
[SourceQuality "1"]

1. e4 e6 2. d4 d5 3. Nd2 dxe4 4. Nxe4 Nd7 5. Nf3 Ngf6 6. Bg5 Be7 7. Nxf6+ Bxf6 8. Bxf6 Qxf6 9. Qd2 0-0 10. 0-0-0 e5 11. Qe3 exd4 12. Rxd4 Rd8 13. Bc4 Rf8 14. Rhd1 Nb6 15. Bb3 Be6 16. Rf4 Qh6 17. Bxe6 Qxe6 18. Qxe6 fxe6 19. Re4 Rae8 20. c4 Rf5 21. b3 Kf7 22. Ne5+ Ke7 23. f3 Rd8 24. Rxd8 Kxd8 25. Nd3 Ke7 26. Nf4 Rf6 27. c5 Nd7 28. Nd5+ Kf7 29. Nxf6 gxf6 30. c6 bxc6 31. Ra4 Ke7 32. Rxa7 Kd6 33. Ra8 Ne5 34. Rh8 c5 35. Rxh7 c4 36. bxc4 Nxc4 37. Rf7 f5 38. g3 Ne5 39. Rg7 Nxf3 40. h4 Ne5 41. h5 Ng4 42. Rxg4 1-0